| 000 | 01127cam a2200301 i 4500 | ||
|---|---|---|---|
| 001 | 53285 | ||
| 003 | Mx-PuUPA | ||
| 005 | 20220919082714.0 | ||
| 008 | 140415s2004 pumad grc 000 0 spa d | ||
| 040 |
_aMx-PuUPA _bspa _cMx-PuUPA _dMx-PuUPA _erda |
||
| 041 | 0 | _aspa | |
| 043 |
_2mx-mxbn _bn-mx-pu |
||
| 110 | 2 |
_aUniversidad Popular Autónoma del Estado de Puebla, _96081 |
|
| 245 | 1 | 0 |
_aUPAEP : _pUniversidad Popular Autónoma del Estado de Puebla / _cUniversidad Popular Autónoma del Estado de Puebla |
| 264 |
_a[Puebla, Puebla] : _bUniversidad Popular Autónoma del Estado de Puebla, _c[2004?] |
||
| 300 |
_a69 páginas : _bilustraciones, gráficas ; _c29 cm |
||
| 336 |
_2rdacontent _atexto _btxt |
||
| 336 |
_2rdacontent _aimagen fija _bsti |
||
| 337 |
_2rdamedia _asin medio _bn |
||
| 338 |
_2rdacarrier _avolumen _bnc |
||
| 650 | 7 |
_aEscuelas _xEvaluación _2armarc |
|
| 650 | 7 |
_aUniversidades _vDirectorio _2armarc |
|
| 650 | 7 |
_aUniversidades _xEstadisticas _2armarc |
|
| 650 | 7 |
_aUniversidades _xInformes _2armarc |
|
| 942 |
_2ddc _h378.155 _iU65 _cLI |
||
| 999 |
_c53285 _d53285 |
||